| 000 | 00549nam a22001577a 4500 | ||
|---|---|---|---|
| 003 | NUST | ||
| 038 | _aNusrat Nadeem | ||
| 082 | _a200 | ||
| 100 |
_aRiaz-ud-Din, Muhammad _9123749 |
||
| 245 |
_aSparse Representation of Signals and Dictionary Learning, Applied to Hyperspectral and Multispectral Images/ _cMuhammad Riaz-ud-Din |
||
| 264 |
_aIslamabad; _bSEECS NUST _c2024. |
||
| 300 |
_a212,p; _bill; _c30,cm. |
||
| 710 |
_aSupervisor: Dr. Faisal Shafait _9123750 |
||
| 856 | _u http://10.250.8.41:8080/xmlui/handle/123456789/44040 | ||
| 942 |
_2ddc _cSC |
||
| 999 |
_c609837 _d609837 |
||